[Event "SRB-chT 1st League CS"]
[Site "Banja Vrujci"]
[Date "2022.10.02"]
[Round "2.2"]
[White "Vojinovic, Luka"]
[Black "Markovic, Milan"]
[Result "1-0"]
[WhiteElo "2267"]
[BlackElo "2281"]
[PlyCount "67"]
[EventDate "2022.10.01"]
[EventType "team-tourn"]
[EventRounds "11"]
[EventCountry "SRB"]
[SourceTitle "CBM 210 Extra"]
[Source "ChessBase"]
[SourceDate "2022.11.30"]
[SourceVersion "1"]
[SourceVersionDate "2022.11.30"]
[SourceQuality "1"]
[WhiteTeam "Arandjelovac"]
[BlackTeam "Paracin OSK"]
[WhiteTeamCountry "SRB"]
[BlackTeamCountry "SRB"]

1. d4 c5 2. d5 Nf6 3. c4 b5 4. cxb5 a6 5. e3 g6 6. Nc3 Bg7 7. a4 0-0 8. Nf3 Bb7 9. Ra3 e6 10. dxe6 fxe6 11. Qd6 Ne4 12. Nxe4 Bxe4 13. Bd3 Bxd3 14. Qxd3 d5 15. b3 axb5 16. Qxb5 Bc3+ 17. Nd2 Qf6 18. 0-0 Na6 19. e4 Rfb8 20. Qe2 Nb4 21. Nf3 Nc6 22. h4 Rb4 23. Bg5 Qf7 24. Qc2 Qg7 25. Bd2 Bxd2 26. Nxd2 Qd4 27. Nf3 Qxe4 28. Qxc5 Nd4 29. Nxd4 Rxd4 30. a5 Rf8 31. Ra2 Rb4 32. a6 Rxb3 33. a7 d4 34. Qxf8+ 1-0

[Event "SRB-chT Central"]
[Site "Kragujevac"]
[Date "2018.09.21"]
[Round "10.3"]
[White "Markovic, Milan"]
[Black "Radovic, Luka"]
[Result "0-1"]
[WhiteElo "2247"]
[BlackElo "2342"]
[PlyCount "80"]
[EventDate "2018.09.14"]
[EventType "team-tourn"]
[EventRounds "11"]
[EventCountry "SRB"]
[SourceTitle "CBM 186 Extra"]
[Source "ChessBase"]
[SourceDate "2018.08.24"]
[SourceVersion "1"]
[SourceVersionDate "2018.08.24"]
[SourceQuality "1"]
[WhiteTeam "Paracin"]
[BlackTeam "Kragujevac Radnicki"]
[WhiteTeamCountry "SRB"]
[BlackTeamCountry "SRB"]

1. g3 c5 2. Bg2 Nc6 3. f4 g6 4. Nf3 Bg7 5. e4 e6 6. c4 Nge7 7. d3 d5 8. Qe2 0-0 9. Be3 b6 10. 0-0 Bb7 11. Bf2 Qd7 12. Nc3 d4 13. Nd1 e5 14. f5 f6 15. Bh3 Qd6 16. Nh4 Bc8 17. Be1 Bd7 18. Bd2 Rab8 19. a4 a6 20. g4 g5 21. Nf3 b5 22. axb5 axb5 23. b3 bxc4 24. bxc4 h6 25. Bg2 Nd8 26. h4 Nf7 27. Nf2 Rb2 28. Rfb1 Rfb8 29. Rxb2 Rxb2 30. Ra8+ Rb8 31. Ra7 Nc6 32. Ra6 Bf8 33. Qd1 Qc7 34. Qa1 Qb7 35. Bf1 Be7 36. Be2 Bd8 37. Bd1 Kg7 38. Qa3 Be7 39. Kf1 Bc8 40. Qa4 Qxa6 0-1

[Event "SRB-chT Central"]
[Site "Kragujevac"]
[Date "2018.09.18"]
[Round "7.3"]
[White "Markovic, Milan"]
[Black "Zivkovic, Ivan B"]
[Result "0-1"]
[WhiteElo "2247"]
[BlackElo "2349"]
[PlyCount "98"]
[EventDate "2018.09.14"]
[EventType "team-tourn"]
[EventRounds "11"]
[EventCountry "SRB"]
[SourceTitle "CBM 186 Extra"]
[Source "ChessBase"]
[SourceDate "2018.08.24"]
[SourceVersion "1"]
[SourceVersionDate "2018.08.24"]
[SourceQuality "1"]
[WhiteTeam "Paracin"]
[BlackTeam "Pozega"]
[WhiteTeamCountry "SRB"]
[BlackTeamCountry "SRB"]

1. e4 c5 2. Nf3 g6 3. d4 cxd4 4. Qxd4 Nf6 5. Bb5 a6 6. e5 axb5 7. exf6 Nc6 8. fxe7 Qxe7+ 9. Qe3 b4 10. 0-0 Qxe3 11. Bxe3 Bg7 12. c3 d5 13. Nd4 bxc3 14. bxc3 Ra4 15. Rd1 0-0 16. a3 Re8 17. Nb5 Be6 18. Nd2 Na5 19. Bc5 Rc8 20. Bd4 Bf8 21. Re1 Bf5 22. Re5 Nc6 23. Rxd5 Be6 24. Rd6 Bxd6 25. Nxd6 Rca8 26. Bf6 Rxa3 27. Rxa3 Rxa3 28. h4 Ra1+ 29. Kh2 Rd1 30. Bg5 b6 31. N2e4 f5 32. Nf6+ Kg7 33. Nde8+ Kf7 34. Nc7 h6 35. Nh7 Bc4 36. Bxh6 Ne5 37. f3 Rd7 38. Na8 Rb7 39. Be3 Nd7 40. Bf4 Ke7 41. g4 fxg4 42. fxg4 Ra7 43. Nc7 Kd8 44. h5 gxh5 45. gxh5 Rxc7 46. Bxc7+ Kxc7 47. Kg3 Bd3 48. Ng5 Nf6 49. h6 Ne4+ 0-1

[Event "SRB-chT Central"]
[Site "Kragujevac"]
[Date "2018.09.15"]
[Round "3.1"]
[White "Markovic, Milan"]
[Black "Gavrilovic, Leonardo"]
[Result "1/2-1/2"]
[WhiteElo "2247"]
[BlackElo "2243"]
[PlyCount "77"]
[EventDate "2018.09.14"]
[EventType "team-tourn"]
[EventRounds "11"]
[EventCountry "SRB"]
[SourceTitle "CBM 186 Extra"]
[Source "ChessBase"]
[SourceDate "2018.08.24"]
[SourceVersion "1"]
[SourceVersionDate "2018.08.24"]
[SourceQuality "1"]
[WhiteTeam "Paracin"]
[BlackTeam "Cacak Borac"]
[WhiteTeamCountry "SRB"]
[BlackTeamCountry "SRB"]

1. Nf3 Nf6 2. g3 c5 3. Bg2 Nc6 4. 0-0 e5 5. c4 d5 6. cxd5 Nxd5 7. Nc3 Nb6 8. b3 Be6 9. Bb2 Be7 10. Rc1 0-0 11. d3 Rc8 12. Ne4 Nd7 13. h4 h6 14. Qc2 f5 15. Nc3 Qe8 16. e3 Qg6 17. Ne2 Bd6 18. Rfd1 Nf6 19. Qd2 Rcd8 20. Qc2 Rc8 21. Qb1 f4 22. d4 Qxb1 23. Rxb1 e4 24. Ne5 f3 25. Nf4 Bxb3 26. axb3 fxg2 27. Nxc6 Rxc6 28. d5 Rcc8 29. Ne6 Rf7 30. Bxf6 gxf6 31. Ra1 b5 32. Ra6 Be5 33. Rc6 Rxc6 34. dxc6 c4 35. bxc4 bxc4 36. Rd8+ Kh7 37. Rd7 Kg8 38. Rd8+ Kh7 39. Rd7 1/2-1/2

[Event "Paracin IM"]
[Site "Paracin"]
[Date "2018.07.19"]
[Round "8"]
[White "Avalyan, Artur"]
[Black "Markovic, Milan"]
[Result "1-0"]
[WhiteElo "2315"]
[BlackElo "2312"]
[PlyCount "68"]
[EventDate "2018.07.14"]
[EventType "tourn"]
[EventRounds "9"]
[EventCountry "SRB"]
[SourceTitle "CBM 185 Extra"]
[Source "ChessBase"]
[SourceDate "2018.07.29"]
[SourceVersion "1"]
[SourceVersionDate "2018.07.29"]
[SourceQuality "1"]

1. d4 d6 2. e4 Nf6 3. Bd3 c5 4. c3 e5 5. Ne2 Be7 6. 0-0 0-0 7. Nd2 cxd4 8. cxd4 Nbd7 9. d5 a5 10. Nc3 Nc5 11. Be2 Bd7 12. a4 Ne8 13. Nc4 Bg5 14. Bxg5 Qxg5 15. Kh1 f5 16. Nb6 Rd8 17. Nxd7 Nxd7 18. exf5 Rxf5 19. Ne4 Qf4 20. Bd3 Ndf6 21. Ng3 Rg5 22. Rc1 Ng4 23. Kg1 Nh6 24. Rc4 Qf7 25. h4 Rg6 26. Bxg6 Qxg6 27. Ne4 Nf5 28. Ng5 Nd4 29. f4 Nf6 30. Ne6 Nxd5 31. f5 Qg3 32. Rxd4 exd4 33. Nxd8 Ne3 34. Qf3 Qxh4 1-0

[Event "Paracin IM"]
[Site "Paracin"]
[Date "2018.07.18"]
[Round "6"]
[White "Markovic, Milan"]
[Black "Brankovic, Dejan"]
[Result "1/2-1/2"]
[WhiteElo "2312"]
[BlackElo "2377"]
[PlyCount "34"]
[EventDate "2018.07.14"]
[EventType "tourn"]
[EventRounds "9"]
[EventCountry "SRB"]
[SourceTitle "CBM 185 Extra"]
[Source "ChessBase"]
[SourceDate "2018.07.29"]
[SourceVersion "1"]
[SourceVersionDate "2018.07.29"]
[SourceQuality "1"]

1. e4 c5 2. Nf3 Nc6 3. Bb5 g6 4. Bxc6 dxc6 5. d3 Bg7 6. Nc3 e5 7. Be3 Qe7 8. h3 Nf6 9. Qd2 0-0 10. Bh6 Nh5 11. Bxg7 Nxg7 12. 0-0-0 f6 13. g4 Ne6 14. Rdg1 Nd4 15. Nxd4 cxd4 16. Ne2 c5 17. f4 exf4 1/2-1/2

[Event "Paracin IM"]
[Site "Paracin"]
[Date "2018.07.15"]
[Round "3"]
[White "Isha, Sharma"]
[Black "Markovic, Milan"]
[Result "1/2-1/2"]
[WhiteElo "2062"]
[BlackElo "2312"]
[PlyCount "70"]
[EventDate "2018.07.14"]
[EventType "tourn"]
[EventRounds "9"]
[EventCountry "SRB"]
[SourceTitle "CBM 185 Extra"]
[Source "ChessBase"]
[SourceDate "2018.07.29"]
[SourceVersion "1"]
[SourceVersionDate "2018.07.29"]
[SourceQuality "1"]

1. e4 c5 2. Nf3 f5 3. exf5 Nh6 4. Ne5 Qc7 5. Qh5+ Kd8 6. Nf3 Nc6 7. Nc3 Nd4 8. Bd3 Qf4 9. Nxd4 cxd4 10. Ne2 Qe5 11. Qf3 d6 12. 0-0 g6 13. fxg6 Ng4 14. Qf4 hxg6 15. Qxe5 Nxe5 16. Be4 d3 17. cxd3 Bf5 18. Nd4 Bxe4 19. dxe4 Nd3 20. Nf3 Rc8 21. Rd1 Bg7 22. Ne1 Nf4 23. h3 Rf8 24. Kf1 Bd4 25. Nf3 Bb6 26. d4 Nxh3 27. Bh6 Rf7 28. Rac1 Rxc1 29. Rxc1 g5 30. Rc4 g4 31. gxh3 gxf3 32. h4 d5 33. exd5 Kd7 34. Be3 Rh7 35. Bg5 Rf7 1/2-1/2

[Event "Belgrade tt Cup"]
[Site "Belgrade"]
[Date "2015.04.24"]
[Round "4.2"]
[White "Markovic, Milan"]
[Black "Mikicic, Dusan"]
[Result "1/2-1/2"]
[WhiteElo "2299"]
[BlackElo "2181"]
[PlyCount "53"]
[EventDate "2015.04.20"]
[EventType "team-swiss"]
[EventRounds "5"]
[EventCountry "SRB"]
[SourceTitle "CBM 166 Extra"]
[Source "ChessBase"]
[SourceDate "2015.06.18"]
[SourceVersion "1"]
[SourceVersionDate "2015.06.18"]
[SourceQuality "1"]
[WhiteTeam "Belgrade Radnicki"]
[BlackTeam "EDB"]
[WhiteTeamCountry "SRB"]
[BlackTeamCountry "SRB"]

1. e4 e5 2. Nf3 Nc6 3. Bb5 a6 4. Ba4 Nf6 5. d4 exd4 6. 0-0 Be7 7. Re1 b5 8. Bb3 d6 9. Bd5 Bd7 10. Nxd4 Nxd5 11. Nxc6 Bxc6 12. exd5 Bb7 13. a4 bxa4 14. Bg5 f6 15. Bxf6 gxf6 16. Qh5+ Kf8 17. Rxa4 Rg8 18. Qh6+ Kf7 19. Rae4 Bf8 20. Qh5+ Rg6 21. Qxh7+ Rg7 22. Qh5+ Kg8 23. Rh4 f5 24. Qh8+ Kf7 25. Qh5+ Kg8 26. Qh8+ Kf7 27. Qh5+ 1/2-1/2

[Event "Belgrade tt Cup"]
[Site "Belgrade"]
[Date "2015.04.22"]
[Round "3.3"]
[White "Markovic, Milan"]
[Black "Kostic, V Vladimir"]
[Result "1/2-1/2"]
[WhiteElo "2299"]
[BlackElo "2274"]
[PlyCount "26"]
[EventDate "2015.04.20"]
[EventType "team-swiss"]
[EventRounds "5"]
[EventCountry "SRB"]
[SourceTitle "CBM 166 Extra"]
[Source "ChessBase"]
[SourceDate "2015.06.18"]
[SourceVersion "1"]
[SourceVersionDate "2015.06.18"]
[SourceQuality "1"]
[WhiteTeam "Belgrade Radnicki"]
[BlackTeam "Romanticari"]
[WhiteTeamCountry "SRB"]
[BlackTeamCountry "SRB"]

1. g3 c5 2. Bg2 Nc6 3. c4 g6 4. Nc3 Bg7 5. d3 d6 6. Bd2 Bd7 7. Nf3 Nf6 8. Qc1 Rb8 9. Bh6 0-0 10. h4 Bxh6 11. Qxh6 Ng4 12. Qd2 h5 13. Ng5 a6 1/2-1/2

[Event "Belgrade-chT"]
[Site "Belgrade"]
[Date "2013.10.17"]
[Round "6.1"]
[White "Martinovic, Slobodan"]
[Black "Markovic, Milan"]
[Result "1/2-1/2"]
[WhiteElo "2393"]
[BlackElo "2274"]
[PlyCount "95"]
[EventDate "2013.10.12"]
[EventType "team-tourn"]
[EventRounds "11"]
[EventCountry "SRB"]
[SourceTitle "EXT 2014"]
[Source "ChessBase"]
[SourceDate "2013.11.20"]
[SourceVersion "1"]
[SourceVersionDate "2013.11.20"]
[SourceQuality "1"]
[WhiteTeam "Crvena Zvezda"]
[BlackTeam "Cirilo i Metodije"]
[WhiteTeamCountry "SRB"]
[BlackTeamCountry "SRB"]

1. Nf3 g6 2. e4 c5 3. c3 Bg7 4. d4 cxd4 5. cxd4 d5 6. e5 Bg4 7. Bb5+ Nd7 8. 0-0 a6 9. Ba4 e6 10. Nbd2 b5 11. Bb3 Ne7 12. h3 Bf5 13. Re1 a5 14. Qe2 a4 15. Bd1 Qb6 16. g4 Be4 17. Nxe4 dxe4 18. Qxe4 0-0 19. Bd2 Nd5 20. Rc1 b4 21. h4 b3 22. axb3 axb3 23. h5 Rfc8 24. Rxc8+ Rxc8 25. Qd3 Rb8 26. Be2 Qa7 27. hxg6 hxg6 28. Qa6 Qxa6 29. Bxa6 N7b6 30. Ra1 Ra8 31. Ra5 Bf8 32. Bb5 Rc8 33. Ra1 Rc2 34. Rb1 Nc4 35. Bc1 Bb4 36. Kf1 Na3 37. bxa3 Nc3 38. Rxb3 Rxc1+ 39. Kg2 Bxa3 40. Rxa3 Nxb5 41. Ra5 Rb1 42. Ra8+ Kg7 43. Rd8 Rd1 44. Kg3 Nc3 45. Kg2 Ne2 46. Kh2 Rd3 47. Ng5 Rxd4 48. Rxd4 1/2-1/2

[Event "Belgrade-chT"]
[Site "Belgrade"]
[Date "2013.10.15"]
[Round "4.2"]
[White "Podinic, Bojan"]
[Black "Markovic, Milan"]
[Result "0-1"]
[WhiteElo "2304"]
[BlackElo "2274"]
[PlyCount "110"]
[EventDate "2013.10.12"]
[EventType "team-tourn"]
[EventRounds "11"]
[EventCountry "SRB"]
[SourceTitle "EXT 2014"]
[Source "ChessBase"]
[SourceDate "2013.11.20"]
[SourceVersion "1"]
[SourceVersionDate "2013.11.20"]
[SourceQuality "1"]
[WhiteTeam "GSP Polet"]
[BlackTeam "Cirilo i Metodije"]
[WhiteTeamCountry "SRB"]
[BlackTeamCountry "SRB"]

1. e4 c5 2. Nf3 g6 3. c3 Bg7 4. d4 cxd4 5. cxd4 d5 6. e5 Nh6 7. Nc3 0-0 8. Qb3 Nc6 9. Qxd5 Bg4 10. Be3 Qxd5 11. Nxd5 Rfd8 12. Nc3 Nf5 13. 0-0-0 Nxe3 14. fxe3 Bh6 15. Kb1 Bxe3 16. d5 Bxf3 17. gxf3 Nxe5 18. Re1 Bd4 19. f4 Nd7 20. Rxe7 Kf8 21. d6 Bf6 22. Nd5 Bh4 23. Bb5 Nc5 24. Rc7 Ne6 25. Rxb7 Rxd6 26. Nc7 Nxc7 27. Rxc7 Rd4 28. Rf1 Bd8 29. Rb7 a6 30. Bd7 Bf6 31. f5 g5 32. Rc1 Rd8 33. Bc8 Be5 34. Rb6 Bf4 35. Bxa6 Bxc1 36. Kxc1 R4d5 37. Bc4 Rxf5 38. a4 g4 39. b3 h5 40. Bb5 Kg7 41. Rc6 Rdd5 42. Rc2 Rc5 43. Bc4 Rf4 44. Kb2 h4 45. Ka3 h3 46. Kb4 Rcf5 47. a5 Rf2 48. Rc1 Rxh2 49. Ra1 Rff2 50. Ka3 Ra2+ 51. Rxa2 Rxa2+ 52. Kxa2 g3 53. a6 g2 54. a7 g1Q 55. a8Q Qg2+ 0-1

[Event "Belgrade-chT"]
[Site "Belgrade"]
[Date "2012.10.09"]
[Round "8.5"]
[White "Lukovic, Vladimir"]
[Black "Markovic, Milan"]
[Result "1-0"]
[WhiteElo "2337"]
[BlackElo "2254"]
[PlyCount "127"]
[EventDate "2012.10.01"]
[EventType "team-tourn"]
[EventRounds "11"]
[EventCountry "SRB"]
[SourceTitle "CBM 150 Extra"]
[Source "ChessBase"]
[SourceDate "2012.10.19"]
[SourceVersion "1"]
[SourceVersionDate "2012.10.19"]
[SourceQuality "1"]
[WhiteTeam "Belgrade Delfin"]
[BlackTeam "Cyril i Metodije"]
[WhiteTeamCountry "SRB"]
[BlackTeamCountry "SRB"]

1. e4 c5 2. Nf3 g6 3. d4 Bg7 4. d5 d6 5. Bb5+ Nd7 6. a4 Ngf6 7. Nc3 0-0 8. h3 a6 9. Bd3 b6 10. 0-0 Ne8 11. Ne2 e5 12. g4 Ndf6 13. Ng3 Bd7 14. c4 Nc7 15. Bd2 b5 16. b3 bxa4 17. bxa4 Rb8 18. Ne1 Qe7 19. Bc2 Rfc8 20. Qe2 Be8 21. Nd3 Nd7 22. a5 f6 23. Kg2 Rb7 24. Rh1 Nf8 25. h4 Bd7 26. Rae1 Rcb8 27. h5 Ne8 28. hxg6 hxg6 29. Rh2 Qd8 30. f3 Qc7 31. Kh1 Qd8 32. Rg1 Nh7 33. f4 exf4 34. Nxf4 Nf8 35. e5 dxe5 36. Nxg6 Rb2 37. Bd3 Rxd2 38. Qxd2 Bxg4 39. Be2 Bxe2 40. Nxe2 Nxg6 41. Rxg6 Rb1+ 42. Ng1 Qd7 43. Qd3 Qb7 44. Qf5 Kf8 45. Rh7 Rc1 46. Rgxg7 Nxg7 47. Qxf6+ Kg8 48. Rh3 Rxc4 49. Qd8+ Kf7 50. Rh6 Qe7 51. Qxe7+ Kxe7 52. Rxa6 e4 53. Ra7+ Kf6 54. Ra8 Ke5 55. a6 Ra4 56. a7 Kd4 57. d6 Ke3 58. d7 Ne6 59. Nh3 c4 60. Ng5 Nd8 61. Rxd8 Rxa7 62. Nxe4 Rxd7 63. Rxd7 Kxe4 64. Kg2 1-0

[Event "SRB-chT"]
[Site "Valjevo"]
[Date "2011.09.04"]
[Round "9.1"]
[White "Markovic, Milan"]
[Black "Jeremic, Veljko"]
[Result "0-1"]
[WhiteElo "2275"]
[BlackElo "2519"]
[PlyCount "76"]
[EventDate "2011.08.27"]
[EventType "team-tourn"]
[EventRounds "11"]
[EventCountry "SRB"]
[SourceTitle "CBM 144 Extra"]
[Source "ChessBase"]
[SourceDate "2011.10.28"]
[SourceVersion "1"]
[SourceVersionDate "2011.10.28"]
[SourceQuality "1"]
[WhiteTeam "Belgrade Cirilo i Metodije"]
[BlackTeam "Belgrade Agro"]
[WhiteTeamCountry "SRB"]
[BlackTeamCountry "SRB"]

1. g3 d5 2. Bg2 c6 3. f4 g6 4. Nf3 Bg7 5. 0-0 Qb6+ 6. Kh1 Nh6 7. Qe1 Nd7 8. Nc3 d4 9. Ne4 0-0 10. c3 c5 11. b3 Nf5 12. Nf2 Nd6 13. cxd4 cxd4 14. Nd3 Nc5 15. Nxc5 Qxc5 16. Bb2 Bf5 17. d3 Be6 18. Ng5 Bd5 19. Ne4 Bxe4 20. dxe4 Qc2 21. Ba3 Nxe4 22. Rc1 Qxa2 23. Ra1 Qc2 24. Bxe7 Rfe8 25. Qb4 Qc6 26. f5 gxf5 27. Bg5 Qc3 28. Be7 Qe3 29. Rf3 Nf2+ 30. Rxf2 Qxf2 31. Qxb7 Rab8 32. Qxa7 Qxe2 33. Bd6 d3 34. Bd5 d2 35. Qxf7+ Kh8 36. Bxb8 d1Q+ 37. Rxd1 Qxd1+ 38. Kg2 Qe2+ 0-1

[Event "CZE-chT1W 1011"]
[Site "Czech Republic"]
[Date "2010.10.31"]
[Round "2.8"]
[White "Benes, Petr"]
[Black "Markovic, Milan"]
[Result "1/2-1/2"]
[WhiteElo "2115"]
[BlackElo "2192"]
[PlyCount "181"]
[EventDate "2010.10.10"]
[EventType "team-tourn"]
[EventRounds "11"]
[EventCountry "CZE"]
[SourceTitle "EXT 2012"]
[Source "ChessBase"]
[SourceDate "2011.11.24"]
[SourceVersion "1"]
[SourceVersionDate "2011.11.24"]
[SourceQuality "1"]
[WhiteTeam "Praha Holdia II"]
[BlackTeam "Praha Vrsovice"]
[WhiteTeamCountry "CZE"]
[BlackTeamCountry "CZE"]

1. Nf3 c5 2. c4 Nf6 3. g3 b6 4. Bg2 Bb7 5. 0-0 e6 6. Nc3 a6 7. Re1 Be7 8. b3 0-0 9. Bb2 Qc7 10. h3 d6 11. e3 Rd8 12. d4 d5 13. cxd5 Nxd5 14. Nxd5 Bxd5 15. Qe2 Be4 16. Rec1 Qb7 17. Ne1 Bxg2 18. Nxg2 Nd7 19. Rc2 cxd4 20. Bxd4 Bf6 21. Bxf6 Nxf6 22. Rac1 Rac8 23. Ne1 Rxc2 24. Qxc2 h6 25. b4 Qd5 26. a4 Qd2 27. b5 axb5 28. axb5 Ne4 29. Nf3 Qxc2 30. Rxc2 Rd5 31. Rc8+ Kh7 32. Rc7 Kg6 33. Nd4 e5 34. Nc6 Rxb5 35. f4 exf4 36. gxf4 f6 37. Ne7+ Kh7 38. h4 Rc5 39. Rb7 b5 40. Rb6 Nd2 41. Kf2 Nc4 42. Rb8 Nd6 43. Kf3 Nf5 44. Nxf5 Rxf5 45. e4 Rc5 46. f5 Rc3+ 47. Kg4 Rb3 48. h5 Rb1 49. Kf4 b4 50. Kf3 b3 51. Kg3 b2 52. Kg2 Re1 53. Rxb2 Rxe4 54. Kg3 Re1 55. Kf4 Rg1 56. Rc2 Rg5 57. Rh2 Kg8 58. Rh1 Kf7 59. Rh2 Ke7 60. Re2+ Kf7 61. Rh2 Rg1 62. Re2 Ra1 63. Kf3 Ra4 64. Rh2 Ra1 65. Kf4 Rf1+ 66. Ke4 Kf8 67. Rh3 Ke8 68. Rh2 Kd7 69. Rg2 Re1+ 70. Kf4 Re7 71. Rd2+ Kc6 72. Rc2+ Kd5 73. Rd2+ Kc4 74. Rd8 Kc3 75. Rd6 Ra7 76. Kf3 Ra5 77. Kf4 Ra4+ 78. Kg3 Rd4 79. Rc6+ Kd3 80. Rc7 Ke4 81. Rxg7 Kxf5 82. Rg6 Rd6 83. Rxh6 Kg5 84. Rh8 Rd3+ 85. Kf2 Rh3 86. Rg8+ Kf4 87. Rh8 Kg5 88. Rg8+ Kxh5 89. Rh8+ Kg4 90. Rxh3 Kxh3 91. Kf3 1/2-1/2

[Event "CZE-chT1W 0910"]
[Site "Czech Republic"]
[Date "2010.02.21"]
[Round "9.6"]
[White "Markovic, Milan"]
[Black "Vodicka, Vlastimil"]
[Result "1/2-1/2"]
[WhiteElo "2206"]
[BlackElo "2191"]
[PlyCount "64"]
[EventDate "2009.10.11"]
[EventType "team-tourn"]
[EventRounds "11"]
[EventCountry "CZE"]
[SourceTitle "EXT 2011"]
[Source "ChessBase"]
[SourceDate "2010.11.26"]
[SourceVersion "1"]
[SourceVersionDate "2010.11.26"]
[SourceQuality "1"]
[WhiteTeam "Vrsovice"]
[BlackTeam "Vysehrad"]
[WhiteTeamCountry "CZE"]
[BlackTeamCountry "CZE"]

1. e4 c5 2. c3 d6 3. d4 Nf6 4. Bd3 e6 5. Nf3 Be7 6. 0-0 0-0 7. e5 dxe5 8. dxe5 Nd5 9. Qe2 Nc6 10. Qe4 f5 11. exf6 Nxf6 12. Qe2 Qc7 13. g3 e5 14. Ng5 Bd6 15. Na3 Qe7 16. Nc4 Bc7 17. Ne3 e4 18. Nxe4 Ne5 19. Nxf6+ Qxf6 20. Be4 Bh3 21. Nd5 Qf7 22. Re1 Rae8 23. Bf4 Kh8 24. Nxc7 Bg4 25. Nxe8 Bxe2 26. Nd6 Qh5 27. Bxe5 Qxe5 28. Rxe2 Qxd6 29. Bxb7 h5 30. Rae1 h4 31. Bg2 Qf6 32. f4 g6 1/2-1/2

[Event "Belgrade-chT"]
[Site "Belgrade"]
[Date "2009.10.12"]
[Round "9"]
[White "Nikolic, Marko"]
[Black "Markovic, Milan"]
[Result "0-1"]
[WhiteElo "2071"]
[BlackElo "2278"]
[PlyCount "62"]
[EventDate "2009.10.04"]
[EventType "team-tourn"]
[EventRounds "9"]
[EventCountry "YUG"]
[SourceTitle "CBM 132 Extra"]
[Source "ChessBase"]
[SourceDate "2009.11.03"]
[SourceVersion "1"]
[SourceVersionDate "2009.11.03"]
[SourceQuality "1"]

1. e4 c5 2. Nf3 g6 3. d4 cxd4 4. Nxd4 Bg7 5. Nc3 Nc6 6. Be3 Nf6 7. h3 0-0 8. Qd2 d5 9. Nxc6 bxc6 10. e5 Nd7 11. f4 e6 12. Na4 Nxe5 13. Bd4 Nd7 14. Bxg7 Qh4+ 15. Kd1 Kxg7 16. g4 Kg8 17. Qc3 Bb7 18. Qe3 c5 19. Rg1 d4 20. Qd2 Bc6 21. b3 e5 22. fxe5 Nxe5 23. Bg2 Bxg2 24. Qxg2 Rac8 25. Re1 Rfe8 26. Re4 Qf6 27. Kc1 c4 28. Kb1 Qc6 29. Qe2 d3 30. Qg2 cxb3 31. c3 d2 0-1